000
00306nam a2200133Ia 4500
008
220216s9999 xx 000 0 und d
100
_a
Majumdar Samir
245
0
_a
Rubber recycling
260
_b
Rubber India
_c
2008
300
_a
37-44
650
_a
Recycling
650
_a
Rubber industry
942
_c
JS
999
_c
67944
_d
67944